000 00351nam a2200145Ia 4500
999 _c10533
_d10533
003 OSt
005 20220329134816.0
008 220318s9999 xx 000 0 und d
020 _a9788193874905
082 _a954.96
110 _aHarshada Katkar
245 0 _aBhutan: an insight into architectural geography
260 _aMetro Books
942 _2ddc